000 00475nam a2200181Ia 4500
005 20250326142612.0
008 250326s9999 xx 000 0 und d
037 _aTextbook
040 _aFMSL
_beng
_cFMSL
041 _aeng
_2eng
084 _qFMSL
100 _aDale B
_9741667
245 0 _aTotal Quality and Human Resource
_cDale B; Cooper C
260 _aOxford
_bOxford, Black well Burinen
_c1992
300 _a312p
942 _cTB
999 _c1295785
_d1295785